000
00287nam a2200121Ia 4500
100
_a
Microsoft Cobol
942
_c
RB
654
_a
Language Reference
245
_a
Installing & Using The Professional Development .Version 4.5
260
_b
Microsoft
546
_a
ENGLISH
999
_c
31980
_d
31980